| 000 | 00817nam a22002537a 4500 | ||
|---|---|---|---|
| 005 | 20170124105922.0 | ||
| 010 | _aA-943226 | ||
| 020 |
_c00 _a8170943299 |
||
| 035 | _aA-943226 | ||
| 037 | _bCen Lib/Ret | ||
| 040 |
_aDPL _bEN |
||
| 082 |
_a384.55023 _bCHA |
||
| 100 |
_aChaudhary, Amit _9108282 |
||
| 245 |
_aCareers in television & broadcasting : _cby Amit Chaudhary, Saurabh Singh _bthousands of exciting new opportunities / |
||
| 246 | _b | ||
| 260 |
_bVision Books _c1996 _aNew Delhi |
||
| 270 |
_bNew Delhi _a24, feroze gandhi road, lajpat nagar _e110024 |
||
| 300 |
_a128p. _c21cm(Hb) |
||
| 500 | _aIncludes appendix | ||
| 650 |
_aBroadcasting Industries _9108283 |
||
| 650 |
_aEmployment _9108284 |
||
| 700 |
_aSaurabh Singh _9108285 |
||
| 942 |
_2ddc _cEN _h384.55023 _mCHA |
||
| 999 |
_c123251 _d123251 |
||